Основы биотехнологии: учебное пособие для вузов

التفاصيل البيبلوغرافية
المؤلف الرئيسي: Егорова Т. А. Татьяна Алексеевна
مؤلفون آخرون: Клунова С. М. Светлана Михайловна, Живухина Е. А. Елена Александровна
الملخص:В книге изложены и обобщены традиционные и новейшие технологии, основанные на достижениях биохимии, молекулярной и клеточной биологии, рассмотрены социально-экономические проблемы и перспективы развития биотехнологии в третьем тысячелетии. Для студентов высших педагогических учебных заведений, обучающихся по специальности «Биология».
اللغة:الروسية
منشور في: Москва, Академия, 2008
الطبعة:4-е изд., стер.
سلاسل:Высшее профессиональное образование. Педагогические специальности
الموضوعات:
التنسيق: MixedMaterials كتاب
KOHA link:https://koha.lib.tpu.ru/cgi-bin/koha/opac-detail.pl?biblionumber=142742

MARC

LEADER 00000nam0a2200000 4500
001 142742
005 20231101221002.0
010 |a 9785769552236 
035 |a (RuTPU)RU\TPU\book\154693 
090 |a 142742 
100 |a 20030828d2008 m y0rusy50 ca 
101 0 |a rus 
102 |a RU 
105 |a a j 001zy 
200 1 |a Основы биотехнологии  |e учебное пособие для вузов  |f Т. А. Егорова, С. М. Клунова, Е. А. Живухина 
205 |a 4-е изд., стер. 
210 |a Москва  |c Академия  |d 2008 
215 |a 208 с.  |c ил. 
225 1 |a Высшее профессиональное образование. Педагогические специальности 
318 |5 63413507  |a Профессор химик-органик Кижнер Николай Матвеевич  |b выставка 
320 |a Библиогр.: с. 205-206. 
330 |a В книге изложены и обобщены традиционные и новейшие технологии, основанные на достижениях биохимии, молекулярной и клеточной биологии, рассмотрены социально-экономические проблемы и перспективы развития биотехнологии в третьем тысячелетии. Для студентов высших педагогических учебных заведений, обучающихся по специальности «Биология». 
451 1 |0 (RuTPU)RU\TPU\book\57435  |y 5-7695-1022-6  |t Основы биотехнологии  |o учебное пособие для вузов  |f Т. А. Егорова, С. М. Клунова, Е. А. Живухина  |c М.  |n Академия  |d 2003  |p 208 с.  |s Высшее образование  |a Егорова, Татьяна Алексеевна 
606 1 |a Биотехнология  |2 stltpush  |3 (RuTPU)RU\TPU\subj\28764  |9 52257 
610 1 |a биология 
610 1 |a пищевая промышленность 
610 1 |a биотехнологические процессы 
610 1 |a окружающая среда 
610 1 |a метаболиты 
610 1 |a ферменты 
610 1 |a биоиндустрия 
610 1 |a генетическая инженерия 
610 1 |a растения 
610 1 |a клеточная инженерия 
610 1 |a учебные пособия 
675 |a 60(075.8)  |v 3 
700 1 |a Егорова  |b Т. А.  |g Татьяна Алексеевна 
701 1 |a Клунова  |b С. М.  |g Светлана Михайловна 
701 1 |a Живухина  |b Е. А.  |g Елена Александровна 
801 1 |a RU  |b 63413507  |c 20080911  |g PSBO 
801 2 |a RU  |b 63413507  |c 20220802  |g PSBO 
900 |a Основы биотехнологии 
900 |a Биотехнология 
900 |a Биотехнические системы 
900 |a Основы проектирования и оборудование предприятий биотехнологической промышленности 
900 |a Теоретические основы биотехнологии 
900 |a Биотехнологии в пищевой промышленности 
942 |c BK 
951 |b 020200  |b 020201 
959 |a 79/20080910  |d 15  |e 0  |f АНЛ:1  |f ЧЗТЛ:1  |f УФ:1 
959 |a 88/20090901  |d 10  |e 213,40  |f УФ:10